Revista Apuntes Contables

Bibliographic Details
Format: eBook
Language:Spanish
Published: Bogot:̀ Universidad Externado de Colombia, 2002 -
Subjects:
Online Access:Acceso restringido

MARC

LEADER 00000nam a22000007a 4500
005 20201030114910.0
007 cr|||| ||||
008 201030c20029999co fr|w s|||| 0|||b1spa d
022 |a 1657-7175 
035 |a 31590 
040 |a vLex 
090 |c 10822  |d 10822 
245 0 0 |a Revista Apuntes Contables  |h [Recurso electrn̤ico] / 
256 |a Servicio en ln̕ea 
260 |a Bogot:̀  |b Universidad Externado de Colombia,  |c 2002 - 
300 |a 1 recurso electrn̤ico 
310 |a Semestral 
362 |a Nð 1 (Ene. 2002) - 
506 1 |a Disponible solo en los productos indicados  |d vLex Global  |d vLex Global (Academic Edition, excluding Law Schools)  |d vLex Global (U.S. Academic Edition, Law Schools)  |d vLex Global (U.S. Academic Edition, excluding Law Schools)  |d vLex Global (Academic Edition, Law Schools) 
650 0 4 |a Contabilidad  |z Colombia 
740 0 |a vLex Revistas (Servicio en ln̕ea) 
856 4 0 |u http://vlex.com/source/revista-apuntes-contables-31590  |z Acceso restringido 
942 |c REV 
999 0 |a Accounting